000 00991cam a2200289 a 4500
001 000013563
003 DO-SdBNP
005 20250421100024.0
008 771214s1970 sp d 000 0 spa
010 _a75269099
040 _aDO-SdBNP
_cspa
_dBNPHU
043 _ae-sp---
049 _aBNPD
082 _a338.1846
_bL864p
100 1 _aLópez de Sebastian, José.
_d1937-
_930919
245 1 0 _aPolítica agraria en Espana, 1920-1970. /
_cJosé López.
260 _a[Madrid] :
_bGuadiana de Publicaciones,
_c[1970].
300 _a448 p. :
_bgráf. ;
_c26 cm.
490 1 _aBiblioteca universitaria de economía
500 _aIncluye datos biográficos del autor en la contraportada.
500 _aIncluye notas al pie de las páginas.
650 0 _aAgricultura y estado
_zEspaña
_936241
650 4 _aAgricultura
_xAspectos económicos
_zEspaña
_930921
830 0 _aBiblioteca universitaria de economía;
_930922
910 _aCatalogación por copia / LC
942 _2ddc
_cLBS1
999 _c13185
_d13185